J2EE: The complete reference

Αποθηκεύτηκε σε:
Λεπτομέρειες βιβλιογραφικής εγγραφής
Κύριος συγγραφέας: Jim Keogh
Μορφή: Βιβλίο
Γλώσσα:Undetermined
Έκδοση: New York McGraw-Hill 2002
Θέματα:
Ετικέτες: Προσθήκη ετικέτας
Δεν υπάρχουν, Καταχωρήστε ετικέτα πρώτοι!
Thư viện lưu trữ: Trung tâm Học liệu Trường Đại học Cần Thơ
LEADER 00509nam a2200193Ia 4500
001 CTU_56389
008 210402s9999 xx 000 0 und d
082 |a 005.133 
082 |b J38 
100 |a Jim Keogh 
245 0 |a J2EE: The complete reference 
245 0 |c Jim Keogh 
260 |a New York 
260 |b McGraw-Hill 
260 |c 2002 
526 |a Công nghệ J2EE 
526 |b CT224 
650 |a java ( computer program language ) 
980 |a Trung tâm Học liệu Trường Đại học Cần Thơ